Statistics for A-Z Cities That End in I

Click here to take the quiz!

General Stats

  • This quiz has been taken 43 times
  • The average score is 13 of 21

Answer Stats

LetterHintCity% Correct
NCity in south-western Japan, target of the second atom bomb dropped by the United States (8)Nagasaki
100%
ACapital of the United Arab Emirates (8)Abu Dhabi
98%
HCapital of Vietnam (5)Hanoi
98%
KMost-populous city in Pakistan (7)Karachi
98%
MCity on the coast of south-eastern Florida, a popular holiday resort (5)Miami
98%
SMajor city on the east coast of China, on the estuary of the Yangtze River (8)Shanghai
95%
TCapital of the country of Georgia (7)Tbilisi
95%
CThird-largest city in Ohio (10)Cincinnati
93%
DCapital of East Timor (4)Dili
93%
BCapital of the Central African Republic (6)Bangui
86%
FCapital of Tuvalu (8)Funafuti
76%
RCity in Punjab province, Pakistan, fourth-largest city in the country; formerly the largest garrison town for the British Indian Army (10)Rawalpindi
55%
VCity on the Ganges in Uttar Pradesh, northern India; holiest city in Hinduism and Jainism (8)Varanasi
43%
LSecond-largest city in Democratic Republic of the Congo, formerly Élisabethville, located in the south-east of the country (10)Lubumbashi
40%
WCity in Jiangsu province, China; famous historical and cultural city in the country (4)Wuxi
40%
YCity in Shandong province, China; formerly a treaty port under German influence (6)Yantai
14%
GLargest city in the north-eastern Indian state of Assam, known as Gauhati during the colonial era (8)Guwahati
12%
ZCity on the southern coast of Guangdong province, China, located in the Pearl River Delta (6)Zhuhai
12%
UCity in north-eastern Thailand; major commercial centre in that region (9)Udon Thani
10%
QCity in north-eastern Syria on the border with Turkey (8)Qamishli
7%
JHistoric city in Uttar Pradesh, northern India (6)Jhansi
2%

Score Distribution

Percentile by Number Answered

Percent of People with Each Score

Your Score History

You have not taken this quiz